Normal view
MARC view
Entry Topical Term
001 - CONTROL NUMBER
- control field: 681
003 - CONTROL NUMBER IDENTIFIER
- control field: BD-RjUL
005 - DATE AND TIME OF LATEST TRANSACTION
- control field: 20220112125419.0
008 - FIXED-LENGTH DATA ELEMENTS
- fixed length control field: 220112|| aca||aabn | a|a d
040 ## - CATALOGING SOURCE
- Original cataloging agency: BD-RjUL
- Transcribing agency: BD-RjUL
150 ## - HEADING--TOPICAL TERM
- Topical term or geographic name entry element: বাংলা সাহিত্য
- General subdivision: প্রবন্ধ
670 ## - SOURCE DATA FOUND
- Source citation: Work cat.: (BD-RjUL)79164: পঁচাত্তর ট্র্যাজেডি রক্তরঞ্জিত শতপ্রবন্ধ /